• 首页
  • 本馆介绍
  • 公告通知
  • 最新文献
  • 馆藏检索
  • 电子资源
  • 读者导购
  • 参考咨询
  • 我的图书馆
  • 登录
  • 详细信息显示
  • 放入我的书架
  • 预约/预借图书
  • 作者相关作品
  • 分类相关作品
  • 丛书相关作品
  • 出版社相关作品

书目信息

  • 表格格式
  • 工作单格式
  • 卡片格式
题名:
班组长质量管理工作手册
    
 
作者: 文义明 编著
分册:  
出版信息: 北京   经济管理出版社  2018
页数: 204页
开本: 24cm
丛书名:
单 册:
中图分类: F406.6-62 , F406
科图分类:
主题词: 班组管理--质量管理--手册
电子资源:
ISBN: 978-7-5096-5960-1
000 01003nam0 2200253 450
001 2359111802
005 20231202162604.35
010    @a978-7-5096-5960-1@dCNY39.00
100    @a20190307d2018 em y0chiy50 ea
101 0  @achi
102    @aCN@b110000
105    @aak z 000yy
200 1  @a班组长质量管理工作手册@Aban zu zhang zhi liang guan li gong zuo shou ce@f文义明编著
205    @a第2版
210    @a北京@c经济管理出版社@d2018
215    @a204页@c图@d24cm
314    @a文义明, 具有多年实战经验和管理经验的一线销售专家。
330    @a本书对班组长质量管理工作进行了全面的阐述, 全书包括班组质量教育、与质量管理的关系、质量管理管什么、人员管理、设备质量管理、物料质量管理、质量管理方法、质量检验管理等内容。这是一本关于企业实施质量管理的指导手册, 是班组长进行自我培训、提升质量管理技能的指导用书。
606 0  @a班组管理@x质量管理@j手册
690    @aF406.6-62@v5
690    @aF406@v4
701  0 @a文义明@Awen yi ming@4编著
801  0 @aCN@b湖北三新@c20190307
905    @aZUCC@dF406@e108=2
    
    班组长质量管理工作手册/文义明编著.-第2版.-北京:经济管理出版社,2018
    204页:图;24cm
    
    
    ISBN 978-7-5096-5960-1:CNY39.00
    本书对班组长质量管理工作进行了全面的阐述, 全书包括班组质量教育、与质量管理的关系、质量管理管什么、人员管理、设备质量管理、物料质量管理、质量管理方法、质量检验管理等内容。这是一本关于企业实施质量管理的指导手册, 是班组长进行自我培训、提升质量管理技能的指导用书。
●
相关链接 在五车中查询图书 在当当中查询图书 在豆瓣中查询图书


正题名:班组长质量管理工作手册     索取号:F406/108=2         预约/预借

序号 登录号 条形码 馆藏地/架位号 状态 备注
1 2001286239   2001286239   三新/湖北三新(第三批)/862/ [索取号:F406/108=2] 在馆    
2 2001286240   2001286240   三新/湖北三新(第三批)/862/ [索取号:F406/108=2] 在馆    
3 2001286241   2001286241   三新/湖北三新(第三批)/862/ [索取号:F406/108=2] 在馆    
4 2001286242   2001286242   三新/湖北三新(第三批)/862/ [索取号:F406/108=2] 在馆    
5 2001286243   2001286243   三新/湖北三新(第三批)/862/ [索取号:F406/108=2] 在馆    
6 2001286244   2001286244   三新/湖北三新(第三批)/862/ [索取号:F406/108=2] 在馆    
7 2001286245   2001286245   三新/湖北三新(第三批)/862/ [索取号:F406/108=2] 在馆    
8 2001286246   2001286246   三新/湖北三新(第三批)/862/ [索取号:F406/108=2] 在馆    
9 2001286247   2001286247   三新/湖北三新(第三批)/863/ [索取号:F406/108=2] 在馆    
10 2001286248   2001286248   三新/湖北三新(第三批)/863/ [索取号:F406/108=2] 在馆    
11 2001286249   2001286249   三新/湖北三新(第三批)/863/ [索取号:F406/108=2] 在馆    
12 2001286250   2001286250   三新/湖北三新(第三批)/863/ [索取号:F406/108=2] 在馆    
13 2001286251   2001286251   三新/湖北三新(第三批)/863/ [索取号:F406/108=2] 在馆    
14 2001286252   2001286252   三新/湖北三新(第三批)/863/ [索取号:F406/108=2] 在馆    
15 2001286253   2001286253   三新/湖北三新(第三批)/863/ [索取号:F406/108=2] 在馆    
16 2001286254   2001286254   三新/湖北三新(第三批)/863/ [索取号:F406/108=2] 在馆    
17 2001286255   2001286255   三新/湖北三新(第三批)/863/ [索取号:F406/108=2] 在馆    
18 2001286256   2001286256   三新/湖北三新(第三批)/863/ [索取号:F406/108=2] 在馆    
19 2001286257   2001286257   三新/湖北三新(第三批)/863/ [索取号:F406/108=2] 在馆    
20 2001286258   2001286258   三新/湖北三新(第三批)/863/ [索取号:F406/108=2] 在馆    
21 2001286259   2001286259   三新/湖北三新(第三批)/863/ [索取号:F406/108=2] 在馆    
22 2001286260   2001286260   三新/湖北三新(第三批)/863/ [索取号:F406/108=2] 在馆    
23 2001286261   2001286261   三新/湖北三新(第三批)/863/ [索取号:F406/108=2] 在馆    
24 2001286262   2001286262   三新/湖北三新(第三批)/863/ [索取号:F406/108=2] 在馆    
25 2001286263   2001286263   三新/湖北三新(第三批)/863/ [索取号:F406/108=2] 在馆    
26 2001286264   2001286264   三新/湖北三新(第三批)/863/ [索取号:F406/108=2] 在馆    
27 2001286265   2001286265   三新/湖北三新(第三批)/863/ [索取号:F406/108=2] 在馆    
28 2001286266   2001286266   三新/湖北三新(第三批)/863/ [索取号:F406/108=2] 在馆    
29 2001286267   2001286267   三新/湖北三新(第三批)/863/ [索取号:F406/108=2] 在馆    
30 2001286268   2001286268   三新/湖北三新(第三批)/863/ [索取号:F406/108=2] 在馆    
山东省滨州职业学院图书馆 欢迎您!
大连网信软件有限公司© 版权所有